Random Capitals (Easy) - Statistics

General Stats
  • This quiz has been taken 79 times
    74 since last reset
  • The average score is 14 of 15
Answer Stats
City Country % Correct
Paris France
100%
Berlin Germany
100%
Rome Italy
100%
Tokyo Japan
100%
Madrid Spain
100%
Vienna Austria
97%
Bangkok Thailand
97%
Buenos Aires Argentina
94%
Canberra Australia
94%
London England
94%
Lisbon Portugal
89%
Zurich Switzerland
89%
Budapest Hungary
86%
Ankara Turkey
86%
Abu Dhabi United Arab Emirates
86%
No matching quizzes found
Score Distribution
Percent of People with Each Score
Percentile by Number Answered
Your Score History
You have not taken this quiz since the last reset